Occupational therapy and vocational rehabilitation (Record no. 64337)
[ view plain ]
| 000 -LEADER | |
|---|---|
| fixed length control field | 01248nam a2200313 a 4500 |
| 082 04 - DEWEY DECIMAL CLASSIFICATION NUMBER | |
| Classification number | 615.8/515 |
| 100 1# - MAIN ENTRY--AUTHOR NAME | |
| Personal name | Ross, Joanne, |
| 245 10 - TITLE STATEMENT | |
| Title | Occupational therapy and vocational rehabilitation |
| 260 ## - PUBLICATION, DISTRIBUTION, ETC. (IMPRINT) | |
| Place of publication | Chichester, West Sussex ; |
| -- | Hoboken, N.J. : |
| Name of publisher | John Wiley and Sons, |
| Year of publication | c2007. |
| 300 ## - PHYSICAL DESCRIPTION | |
| Number of Pages | 271 p. : |
| Other physical details | ill. |
| 650 #0 - SUBJECT ADDED ENTRY--TOPICAL TERM | |
| Topical Term | Occupational therapy. |
| Topical Term | Vocational rehabilitation. |
| 856 40 - ELECTRONIC LOCATION AND ACCESS | |
| Uniform Resource Identifier | http://site.ebrary.com/lib/rucke/Doc?id=10297872 |
No items available.
